Kedma /
En Mayo de 1948, justo antes de la creación del estado de Israel, un grupo de judíos supervivientes de la II Guerra Mundial navega a bordo del navío Kedma, palabra que significa "hacia el Oriente", con dirección a Palestina. Allí se encontrarán de pronto en un lugar inhóspito, ocupado por una poblac...
| Otros Autores: | |
|---|---|
| Formato: | VHS |
| Lenguaje: | hebreo |
| Publicado: |
Israel
DVD Video
2002
|
| Materias: |
MARC
| LEADER | 00000ngm a22000007a 4500 | ||
|---|---|---|---|
| 001 | 030986 | ||
| 003 | UAHC_CL | ||
| 005 | 20170803123302.0 | ||
| 008 | 131105s2002 is 130 e vlheb d | ||
| 040 | |a UAHC_CL |c UAHC_CL |d UAHC_CL | ||
| 245 | 1 | 0 | |a Kedma / |c Amos Gitai. |
| 260 | |c 2002 |a Israel |b DVD Video | ||
| 300 | |a 1 videodisco (100 min.) | ||
| 520 | |a En Mayo de 1948, justo antes de la creación del estado de Israel, un grupo de judíos supervivientes de la II Guerra Mundial navega a bordo del navío Kedma, palabra que significa "hacia el Oriente", con dirección a Palestina. Allí se encontrarán de pronto en un lugar inhóspito, ocupado por una población que se resiste al desalojo. | ||
| 650 | 4 | |a CINE | |
| 700 | 1 | |a Gitai, Amos |d dir. | |
| 900 | |a DVD-699 | ||
| 942 | |c VHS | ||
| 952 | |0 0 |1 0 |4 0 |6 DVD_699 |7 0 |8 Referencia |9 60417 |a BC |b BC |c Referencia |d 2017-08-03 |l 2 |m 8 |o DVD-699 |p 1411062 |q 2019-08-23 |r 2019-08-21 00:00:00 |s 2019-08-21 |t 1 |w 2017-08-03 |y DVD | ||
| 999 | |c 30986 |d 30986 | ||